000 01341nam a2200241Ia 4500
999 _c52482
_d52482
001 19505
003 GE_BSU
005 20200604214350.0
008 181216s1972||||ge |||||||||||||| ||geo||
040 _cGE_BSU
041 _ageo
080 _a81'246.2(075.8) ე-65
245 _aენათმეცნიერების შესავლის საკითხები :
_bდამხმ. სახელმძღვ. სტუდენტებისათვის /
_c[ავტორთა ჯგუფი] ; გ. ახვლედიანის რედაქციით ; შეადგინა თ. აბზიანიძემ.
264 _aთბილისი :
_bთბილ. უნ-ტის გამ-ბა,
_c1972.
300 _a359 გვ. ;
_c22 სმ
501 _aსაძიებლები : გვ.338-355.
653 _aენათმეცნიერება
653 _aენათმეცნიერების შესავალი
653 _aსახელმძღვანელო უმაღლესი სასწავლებლებისათვის
700 _aახვლედიანი, გ.
_eრედაქტორი
_92910
700 _aაბზიანიძემ, თ.
_eშემდგენელი
_98299
942 _cBK
_2udc